Ergebnisse zur Bruchmechanischen Bewertung Feuerfester Raustoffe

Bibliographic Details
Main Authors: Schulle, W. (Author), Kotrč, M. (Author), Kotrč. M. (Author)
Format: Article
Language:German
PhysicalDescription:Obr. 5. Tb. 2. Grafy 13., lit. 15 zázn. v angl., nem.
Subjects:

MARC

LEADER 00000nab a2200000 a 4500
001 vtls000328561
003 SK-MaSNL
005 20260318124706.0
008 160204c1987 xo 0 ger
015 |a SNBRA19rr/mm-uuuuu 
035 |a CL0328683 
040 |a SNKBUCL  |b slo  |c SNKBUCL  |e AACR2 
041 0 |a ger 
044 |a xo  |c SK 
080 |a 666.76:017:539.42:620.16  |2 1981 
080 |a 017  |2 1981 
080 |a 539.42  |2 1981 
080 |a 620.16  |2 1981 
100 1 |a Schulle, W.  |4 aut  |9 1289692 
245 1 0 |a Ergebnisse zur Bruchmechanischen Bewertung Feuerfester Raustoffe  |c W. Schulle, M. Kotrč ; Kotrč. M. 
300 |b Obr. 5. Tb. 2. Grafy 13., lit. 15 zázn. v angl., nem. 
650 0 7 |a žiaruvzdorné materiály  |2 snkbucl  |9 1040 
655 7 |a články zo zborníkov  |2 snkbucl  |9 166140 
700 1 |a Kotrč, M.  |4 aut  |9 1289693 
700 1 |a Kotrč. M.  |4 aut  |9 1289694 
773 0 |t Deviata konferencia o žiaruvzdorných materiáloch 2  |d Bratislava : Dom techniky ČSVTS, 1987  |g S. 3-25 
850 |a Slovenská národná knižnica v Martine  |a MTA001 
852 |a SNK  |b KIS3GCP 
958 |a NB 
958 |a RK 
958 |a DE 
992 |a RZB 
999 |c 2565113  |d 2567043